书目信息 |
| 题名: |
中原官话音韵研究
|
|
| 作者: | 段亚广 著 | |
| 分册: | ||
| 出版信息: | 北京 中国社会科学出版社 2012.5 |
|
| 页数: | 200页, [1] 叶图版 | |
| 开本: | 24cm | |
| 丛书名: | ||
| 单 册: | ||
| 中图分类: | H114.2 , H172 | |
| 科图分类: | ||
| 主题词: | 官话--研究 | |
| 电子资源: | ||
| ISBN: | 978-7-5161-1401-8 | |
| 000 | 01162nam0 2200265 45 | |
| 001 | 1360114874 | |
| 005 | 20130530093014.00 | |
| 010 | @a978-7-5161-1401-8@dCNY49.00 | |
| 100 | @a20130513d2012 em y0chiy0121 ea | |
| 101 | 0 | @achi |
| 102 | @aCN@b110000 | |
| 105 | @aaf a 000yy | |
| 106 | @ar | |
| 200 | 1 | @a中原官话音韵研究@AZhong Yuan Guan Hua Yin Yun Yan Jiu@f段亚广著@FDuan Ya Guang Zhu |
| 210 | @a北京@c中国社会科学出版社@d2012.5 | |
| 215 | @a200页, [1] 叶图版@c图@d24cm | |
| 320 | @a有书目 (第184-200页) | |
| 330 | @a中原官话是最古老的官话。其自身经历了从优势方言影响辐射周边, 到地位下降而受普通话影响的过程, 是语言演变研究的理想样本。本书以中原官话154个方言点的材料为依据, 以中古、近代有关中原官话的音韵文献为历史参照, 在历时发展和共时特征的二维平面上对中原官话语音分化、组合的规律进行了探讨。在综合研究的基础上, 作者认为, 自主音变是中原官话语音演变的主要形式, 接触演化只是在个别方面起了补充作用。 | |
| 604 | @1701 0@a周德清@f1277-1365@150010@a中原音韵@x研究 | |
| 606 | 0 | @a官话@x研究 |
| 690 | @aH114.2@v5 | |
| 690 | @aH172@v5 | |
| 701 | 0 | @a段亚广@ADuan Ya Guang@4著 |
| 801 | @aCN@bTANGWEI@c20130522 | |
| 905 | @b0834479-81@dH114.2@e110@f3 | |
| 中原官话音韵研究/段亚广著.-北京:中国社会科学出版社,2012.5 |
| 200页, [1] 叶图版:图;24cm |
| ISBN 978-7-5161-1401-8:CNY49.00 |
| 中原官话是最古老的官话。其自身经历了从优势方言影响辐射周边, 到地位下降而受普通话影响的过程, 是语言演变研究的理想样本。本书以中原官话154个方言点的材料为依据, 以中古、近代有关中原官话的音韵文献为历史参照, 在历时发展和共时特征的二维平面上对中原官话语音分化、组合的规律进行了探讨。在综合研究的基础上, 作者认为, 自主音变是中原官话语音演变的主要形式, 接触演化只是在个别方面起了补充作用。 |
| ● |
| 相关链接 |
|
|
|
|
正题名:中原官话音韵研究
索取号:H114.2/110
 
预约/预借
| 序号 | 登录号 | 条形码 | 馆藏地/架位号 | 状态 | 备注 |
| 1 | 0834479 | 208344790 | 第二样本阅览室/ [索取号:H114.2/110] | 在馆 | |
| 2 | 0834480 | 208344807 | 第四借阅区/ [索取号:H114.2/110] | 在馆 | |
| 3 | 0834481 | 208344816 | 密集书库-文学院/ [索取号:H114.2/110] | 在馆 |